000 00635nam a2200265Ia 4500
005 20260121165558.0
008 008 260114s9999 xx 000 0 eng d
020 _a9783319530475
037 _aEBOOK
040 _aCRL
040 _beng
040 _cCRL
041 _2eng
041 _aeng
084 _qCRL
100 _aJan Löwe, Linda A. Amos
_91053464
245 0 _aProkaryotic Cytoskeletons
260 _bSpringer
260 _bSpringer
260 _c2017
856 _uhttps://link.springer.com/openurl?genre=book&isbn=978-3-319-53047-5
942 _cEBOOK
999 _c1619190
_d1619190